ARRUPE JESUIT UNIVERSITY

CORONAVIRUS -STOP THE SPREAD - CLEAN,DISINFECT,COVER

Shorter novels (Record no. 130135)

MARC details
000 -LEADER
fixed length control field 00466nam a22001337a 4500
008 - FIXED-LENGTH DATA ELEMENTS--GENERAL INFORMATION
fixed length control field 200121b ||||| |||| 00| 0 eng d
050 ## - LIBRARY OF CONGRESS CALL NUMBER
Classification number PR2205.S157
245 ## - TITLE STATEMENT
Title Shorter novels
Remainder of title Elizabethan
Statement of responsibility, etc Edited by George Saintsbury and notes on the authors by Philip Henderson
260 ## - PUBLICATION, DISTRIBUTION, ETC. (IMPRINT)
Place of publication, distribution, etc Dent, London
Name of publisher, distributor, etc Everyman's Library
Date of publication, distribution, etc 1929
300 ## - PHYSICAL DESCRIPTION
Extent xvii, 356p. ;
Dimensions 19cm.
700 ## - ADDED ENTRY--PERSONAL NAME
Personal name Saintsbury, George ed.
9 (RLIN) 48923
700 ## - ADDED ENTRY--PERSONAL NAME
Personal name Henderson, Philip
9 (RLIN) 48924
942 ## - ADDED ENTRY ELEMENTS (KOHA)
Source of classification or shelving scheme Library of Congress Classification
Item type Monograph ( Printed materials)
Holdings
Withdrawn status Lost status Source of classification or shelving scheme Damaged status Not for loan Collection code Home library Current library Shelving location Date acquired Total Checkouts Full call number Barcode Date last seen Price effective from Koha item type
    Library of Congress Classification     Main Collection ARRUPE LIBRARY ARRUPE LIBRARY Main Collection 21/01/2020   PR2205.S157 46600006142 21/01/2020 21/01/2020 Monograph ( Printed materials)

 

Arrupe Library. PO Box MP320 Mt Pleasant, Harare, Zimbabwe
263 242 745411|librarian@aju.ac.zw